Readings in planning
Αποθηκεύτηκε σε:
| Άλλοι συγγραφείς: | , , |
|---|---|
| Μορφή: | Βιβλίο |
| Γλώσσα: | English |
| Δημοσίευση: |
San Mateo, Calif. :
Morgan Kaufmann Publishers,
c1990.
|
| Σειρά: | Morgan Kaufmann series in representation and reasoning
|
| Θέματα: | |
| Ετικέτες: |
Προσθήκη ετικέτας
Δεν υπάρχουν, Καταχωρήστε ετικέτα πρώτοι!
|
MARC
| LEADER | 00000cam a2200000 i 4500 | ||
|---|---|---|---|
| 001 | 1/56449 | ||
| 008 | 941103s1990 cau ||| | eng|| | ||
| 020 | |a 1558601309 | ||
| 035 | |l 10045564 | ||
| 035 | |a 1993 |c ΠΑΝΑΓΙΩΤΟΠΟΥΛΟΣ | ||
| 040 | |a GR-MyUA |b gre |e AACR2 | ||
| 041 | 0 | |a eng | |
| 082 | 0 | |a 006.3 |2 (20) | |
| 245 | 1 | 0 | |a Readings in planning / |c edited by James Allen, James Hendler, Austin Tate. |
| 246 | 3 | 3 | |a Planning |
| 260 | |a San Mateo, Calif. : |b Morgan Kaufmann Publishers, |c c1990. | ||
| 300 | |a xiii, 754 σ. : |b εικ. ; |c 28 εκ. | ||
| 490 | 1 | |a (Morgan Kaufmann series in representation and reasoning) | |
| 504 | |a Περιέχει βιβλιογραφικές αναφορές και ευρετήριο. | ||
| 650 | 0 | 0 | |a Artificial intelligence. |
| 650 | 0 | 0 | |a Planning. |
| 700 | 1 | |a Allen, James, |d 1950- |e edt | |
| 700 | 1 | |a Hendler, James A. |e edt | |
| 700 | 1 | |a Tate, Austin, |e edt | |
| 830 | 0 | |a Morgan Kaufmann series in representation and reasoning | |
| 852 | |a INST |b SAMOS |e 19941103 |h 006.3 REA |p 005300004591 |q 005300004591 |t BK |y 0 | ||
| 909 | |a Σ |b 027036 | ||